| 000 | 01212nac a22002651u 4500 | ||
|---|---|---|---|
| 010 | _a 2001017638 | ||
| 020 | _a047139601X | ||
| 082 | 0 | 0 |
_a006.3 _bB488 |
| 090 |
_c2003 _d2003 |
||
| 100 | _aBigus, Joseph P. | ||
| 245 | 1 | 0 |
_aConstructing intelligent agents using JAVA / _cJoseph P. Bigus, Jennifer Bigus. |
| 250 | _a2nd ed. | ||
| 260 |
_aNew York : _bWiley,2001 _c2001. |
||
| 300 |
_axxii, 408 p. : _bill. ; _c24 cm. + _e 1 CD-Rom (4 3/4 in.) |
||
| 440 | 0 | _aProfessional developer's guide series | |
| 504 | _aIncludes bibliographical references (p. 389-393) and index. | ||
| 650 | 0 | _aIntelligent agents (Computer software) | |
| 650 | 0 | _aJava (Computer program language) | |
| 700 | 1 |
_aBigus, Jennifer, _d1960- |
|
| 856 | 4 | 2 |
_3Contributor biographical information _uhttp://www.loc.gov/catdir/bios/wiley042/2001017638.html |
| 856 | 4 | 2 |
_3Publisher description _uhttp://www.loc.gov/catdir/description/wiley035/2001017638.html |
| 856 | 4 | 2 |
_3Table of Contents _uhttp://www.loc.gov/catdir/toc/onix06/2001017638.html |
| 942 |
_cBB _k006.3B488 |
||
| 999 |
_c2003 _d2003 |
||